| 000 | 01058nam a2200265Ia 4500 | ||
|---|---|---|---|
| 001 | ebr10172182 | ||
| 003 | CaPaEBR | ||
| 006 | m u | ||
| 007 | cr cn||||||||| | ||
| 008 | 041122s2007 flu s 000 0 eng d | ||
| 020 | _z9780979359101 | ||
| 040 |
_aCaPaEBR _cCaPaEBR |
||
| 035 | _a(OCoLC)568022456 | ||
| 050 | 1 | 4 |
_aQA76.73.C153 _bV655 2007eb |
| 100 | 1 | _aVoils, Don. | |
| 245 | 1 | 0 |
_aAdvanced business programming with C++ 2005 _h[electronic resource] / _cby Don Voils. |
| 260 |
_aWellington, FL : _bWhite Feathers Publishing, _cc2007. |
||
| 300 | _avi, (1674) p. | ||
| 533 |
_aElectronic reproduction. _bPalo Alto, Calif. : _cebrary, _d2007. _nAvailable via World Wide Web. _nAccess may be limited to ebrary affiliated libraries. |
||
| 650 | 0 | _aC++ (Computer program language) | |
| 650 | 0 | _aProgramming languages (Electronic computers) | |
| 655 | 7 |
_aElectronic books. _2local |
|
| 710 | 2 | _aebrary, Inc. | |
| 856 | 4 | 0 |
_uhttp://site.ebrary.com/lib/rucke/Doc?id=10172182 _zAn electronic book accessible through the World Wide Web; click to view |
| 999 |
_c249401 _d249401 |
||